[Event "GER-chT U20 Girls"]
[Site "Naumburg Saale"]
[Date "2014.12.28"]
[Round "3.3"]
[White "Koenze, Heike"]
[Black "Schuell, Annika"]
[Result "1-0"]
[WhiteElo "1477"]
[BlackElo "1362"]
[PlyCount "97"]
[EventDate "2014.12.27"]
[EventType "team-swiss"]
[EventRounds "7"]
[EventCountry "GER"]
[SourceTitle "EXT 2016"]
[Source "ChessBase"]
[SourceDate "2015.10.08"]
[SourceVersion "1"]
[SourceVersionDate "2015.10.08"]
[SourceQuality "1"]
[WhiteTeam "Grimma"]
[BlackTeam "Fritzdorf Gruen Weiss"]
[WhiteTeamCountry "GER"]
[BlackTeamCountry "GER"]

1. e4 c5 2. Nf3 d6 3. d4 cxd4 4. Nxd4 Nc6 5. Be3 Nf6 6. Nc3 e6 7. Bb5 Bd7 8. Qd2 a6 9. Be2 e5 10. Nb3 Be6 11. f3 d5 12. exd5 Nxd5 13. Nxd5 Qxd5 14. 0-0-0 Rd8 15. Qc3 Bb4 16. Rxd5 Bxc3 17. Rxd8+ Kxd8 18. bxc3 Kc7 19. Rd1 f6 20. Kb2 Ne7 21. Nc5 Bd5 22. c4 Bc6 23. Ne6+ Kc8 24. g3 Nf5 25. Bb6 Re8 26. Rd8+ Rxd8 27. Nxd8 Kd7 28. Nxc6 Kxc6 29. Bf2 Nd4 30. Bd1 b5 31. c3 Ne6 32. cxb5+ axb5 33. Kb3 Nc5+ 34. Bxc5 Kxc5 35. Be2 h6 36. Bd3 g5 37. g4 b4 38. cxb4+ Kd4 39. Be4 Ke3 40. b5 h5 41. gxh5 g4 42. fxg4 Kxe4 43. h6 Kd3 44. h7 e4 45. h8Q e3 46. Qxf6 e2 47. Qe5 Kd2 48. Qd4+ Ke1 49. Kc3 1-0